Terapéutica con oligoelementos y diagnóstico del terreno en medicina funcional / (Record no. 5749)

MARC details
000 -LEADER
campo de control de longitud fija 00845nam a2200265 i 4500
001 - NÚMERO DE CONTROL
campo de control 5749
003 - IDENTIFICADOR DE NÚMERO DE CONTROL
campo de control ES-MaACL
005 - FECHA Y HORA DE LA ÚLTIMA TRANSACCIÓN
campo de control 20230906144659.0
007 - CAMPO FIJO DE DESCRIPCIÓN FÍSICA--INFORMACIÓN GENERAL
campo de control de longitud fija t|
008 - DATOS DE LONGITUD FIJA--INFORMACIÓN GENERAL
campo de control de longitud fija 890518s1985 sp ||||1| spa d
020 ## - NÚMERO INTERNACIONAL ESTÁNDAR DEL LIBRO
Número Internacional Estándar del Libro 84-85805-25-9
080 ## - NÚMERO DE LA CLASIFICACIÓN DECIMAL UNIVERSAL
Número de la Clasificación Decimal Universal 615.8:546
080 ## - NÚMERO DE LA CLASIFICACIÓN DECIMAL UNIVERSAL
Número de la Clasificación Decimal Universal 546:615.8
100 1# - ENTRADA PRINCIPAL--NOMBRE DE PERSONA
Nombre de persona Embid, Alfredo.
9 (RLIN) 47137
245 10 - MENCIÓN DEL TÍTULO
Título Terapéutica con oligoelementos y diagnóstico del terreno en medicina funcional /
Mención de responsabilidad, etc. Alfredo Embid y Rosario Ortega.
250 ## - MENCION DE EDICION
Mención de edición 1a ed.
260 ## - PUBLICACIÓN, DISTRIBUCIÓN, ETC.
Lugar de publicación, distribución, etc. Madrid :
Nombre del editor, distribuidor, etc. Mil y una ediciones,
Fecha de publicación, distribución, etc. 1985.
300 ## - DESCRIPCIÓN FÍSICA
Extensión 147 p. ;
Dimensiones 24 cm.
490 1# - MENCIÓN DE SERIE
Mención de serie Las mil y una medicinas ;
Designación de volumen o secuencia 18
650 14 - PUNTO DE ACCESO ADICIONAL DE MATERIA--TÉRMINO DE MATERIA
Término de materia o nombre geográfico como elemento de entrada Oligoelementos-
Subdivisión general Usos terapeúticos.
9 (RLIN) 15701
700 1# - ENTRADA AGREGADA--NOMBRE PERSONAL
Nombre de persona Ortega, Rosario.
9 (RLIN) 87428
830 0# - PUNTO DE ACCESO ADICIONAL DE SERIE-TÍTULO UNIFORME
Título uniforme Las mil y una medicinas ;
Designación de volumen o secuencia 18
9 (RLIN) 227726
852 ## - LOCALIZACIÓN
Ubicación ES-MaACL
Número de control de estantería L-12703
Sublocalización o colección R.116441
Nota libre . - rust.
Holdings
Estatus retirado Estado de pérdida Estado de daño No para préstamo Biblioteca de origen Biblioteca actual Ubicación en estantería Fecha de adquisición Fuente de adquisición Total de préstamos Signatura topográfica completa Código de barras Visto por última vez Precio de reemplazo Tipo de ítem Koha
        Biblioteca del Ateneo de Madrid Biblioteca del Ateneo de Madrid Depósito 2 17/01/2008     L-12703 1005836 23/02/2023 23/02/2023 Libro impreso